[Event "AUTO-INT-3955"]
[Site "http://www.queenalice.com/game.php?id=1871700"]
[Date "2026.4.8"]
[Round "2"]
[White "zmanomega"]
[Black "juim"]
[Result "1-0"]
[WhiteElo "1476"]
[BlackElo "1557"]

1. e4 d5 2. Nc3 e6 3. d3 Bb4 4. Bd2 Nf6 5. Qf3 dxe4 6. dxe4 O-O 7. e5 Nfd7 8.
Bf4 Nc5 9. Bd2 f6 10. Qg3 fxe5 11. Qxe5 Rf5 12. Qe3 b6 13. Bc4 Nc6 14. O-O-O Re5
15. Qf3 Nd4 16. Qg4 Ne4 17. Nxe4 Bxd2+ 18. Rxd2 c5 19. Nf3 Qc7 20. Nxe5 Qxe5 21.
Bd3 b5 22. f4 Qd5 23. Nf6+ Kh8 24. Kb1 e5 25. Qh4 Qd8 26. Qxh7# 1-0

[Event "AUTO-INT-3955"]
[Site "http://www.queenalice.com/game.php?id=1871701"]
[Date "2026.4.8"]
[Round "2"]
[White "juim"]
[Black "zmanomega"]
[Result "1-0"]
[WhiteElo "1543"]
[BlackElo "1490"]

1. e4 e5 2. d4 Bd6 3. d5 Qh4 4. Bd3 Nf6 5. Nf3 Qh5 6. Nc3 Ng4 7. h3 f6 8. Bd2
Qf7 9. hxg4 c6 10. Qe2 c5 11. O-O-O a6 12. Rh3 b5 13. g5 fxg5 14. Nxg5 Qg6 15.
Rf3 Be7 16. Nf7 Rf8 17. Nxe5 Qxg2 18. Rxf8+ Bxf8 19. Qh5+ Kd8 20. Nf7+ Kc7 21.
Bf4+ Kb7 22. Qe5 1-0

[Event "AUTO-OPEN-4650"]
[Site "http://www.queenalice.com/game.php?id=1872767"]
[Date "2026.5.2"]
[Round "1"]
[White "chessman"]
[Black "juim"]
[Result "1-0"]
[WhiteElo "2030"]
[BlackElo "1563"]

1. e4 Nf6 2. d3 e6 3. Nc3 e5 4. Nf3 Bd6 5. Be2 O-O 6. O-O b6 7. Re1 Nc6 8. Bg5
Be7 9. a3 h6 10. Bh4 Nh5 11. Bxe7 Qxe7 12. Nxe5 Nf6 13. Nxc6 dxc6 14. Bf3 Qe5
15. d4 Qd6 16. e5 Qe6 17. exf6 Qxf6 18. Qd3 a5 19. Re3 Bf5 20. Qd2 Rfd8 21. Ne2
Rd6 22. c3 Rad8 23. Ng3 Bg6 24. Rae1 c5 25. d5 c6 26. c4 b5 27. b3 cxd5 28. Bxd5
bxc4 29. bxc4 Kh8 30. Qxa5 Rf8 31. Qxc5 Rdd8 32. h3 Rb8 33. a4 Rfc8 34. Qa3 Kh7
35. a5 Rb2 36. R3e2 Rxe2 37. Rxe2 Bd3 38. Qxd3+ g6 39. a6 Qxa6 40. Bxf7 Rc6 41.
Bxg6+ Rxg6 42. Re7+ Kh8 43. Qd4+ Kg8 44. Qd8# 1-0

[Event "AUTO-OPEN-4650"]
[Site "http://www.queenalice.com/game.php?id=1872768"]
[Date "2026.5.2"]
[Round "1"]
[White "juim"]
[Black "chessman"]
[Result "0-1"]
[WhiteElo "1561"]
[BlackElo "2116"]

1. e4 e6 2. d4 d5 3. exd5 exd5 4. Qf3 Nf6 5. Bd3 Be7 6. Bg5 O-O 7. Ne2 c6 8.
Nbc3 Bb4 9. Bxf6 Qxf6 10. Qxf6 gxf6 11. a3 Bd6 12. O-O-O Re8 13. g3 Bg4 14. h3
Bf3 15. Rh2 Nd7 16. Re1 b5 17. Kd2 a5 18. Nf4 Rxe1 19. Kxe1 Re8+ 20. Kd2 Nf8 21.
h4 Ng6 22. Nce2 Nxf4 23. Nxf4 Be4 24. Bxe4 Rxe4 25. Kd3 Bxf4 26. gxf4 Rxf4 27.
Ke3 Re4+ 28. Kd3 Rg4 29. f3 Rg3 30. Ke3 Rg1 31. Kf4 Kg7 32. Kf5 h5 33. Re2 Rh1
34. Rg2+ Kf8 35. Kxf6 Rf1 36. Rg3 Rf2 37. c3 a4 38. Kf5 Ke7 39. f4 Rh2 40. Re3+
Kd6 41. Kf6 Rxh4 42. f5 Rf4 43. Kg5 Rf2 44. Re5 Rxb2 45. Kf6 h4 46. Kxf7 h3 47.
f6 h2 48. Re1 Rb3 49. Re6+ Kc7 50. Re1 Rxc3 51. Ke7 Rxa3 52. f7 Rf3 53. Ke8 b4
54. f8=Q Rxf8+ 55. Kxf8 b3 56. Kf7 a3 57. Rh1 b2 0-1

[Event "AUTO-OPEN-4650"]
[Site "http://www.queenalice.com/game.php?id=1872795"]
[Date "2026.5.2"]
[Round "1"]
[White "juim"]
[Black "rviana"]
[Result "0-1"]
[WhiteElo "1583"]
[BlackElo "2073"]

1. e4 c6 2. d4 d5 3. exd5 cxd5 4. Bf4 Bf5 5. Nc3 e6 6. Bd3 Ne7 7. Nf3 Nbc6 8.
O-O a6 9. Nh4 h6 10. Nxf5 Nxf5 11. Bxf5 exf5 12. h3 Be7 13. Qf3 O-O 14. Nxd5
Nxd4 15. Nxe7+ Qxe7 16. Qd1 Ne2+ 17. Kh1 Nxf4 18. Re1 Qh4 19. Re3 Qxf2 20. Rf3
Qxg2# 0-1

[Event "AUTO-OPEN-4650"]
[Site "http://www.queenalice.com/game.php?id=1872796"]
[Date "2026.5.2"]
[Round "1"]
[White "rviana"]
[Black "juim"]
[Result "1-0"]
[WhiteElo "2065"]
[BlackElo "1548"]

1. d4 d5 2. c4 dxc4 3. Nf3 e6 4. e4 Bd6 5. Bxc4 Bd7 6. O-O Nf6 7. e5 Bb4 8. exf6
Qxf6 9. Nc3 O-O 10. Bg5 Qf5 11. Bd3 Qa5 12. Qc2 Nc6 13. Bxh7+ Kh8 14. Bd3 f6 15.
Bd2 e5 16. dxe5 Nxe5 17. Nh4 Ng4 18. Ng6+ Kg8 19. Nxf8 Rxf8 20. Qb3+ Kh8 21.
Rfd1 Qb6 22. Ne4 f5 23. Qxb4 c5 24. Qxb6 axb6 25. Nd6 Ne5 26. Bf4 Bc6 27. Bxe5
Kg8 28. Nxf5 g6 29. Ne7+ Kh7 30. Nxg6 Re8 31. Ne7+ Kh6 32. Nxc6 bxc6 33. Bc7 1-0

[Event "AUTO-OPEN-4650"]
[Site "http://www.queenalice.com/game.php?id=1872797"]
[Date "2026.5.2"]
[Round "1"]
[White "juim"]
[Black "Carlos19"]
[Result "1-0"]
[WhiteElo "1561"]
[BlackElo "1713"]

1. e4 e5 2. d4 Nf6 3. dxe5 Nxe4 4. Bd3 Nc5 5. Bc4 Qg5 6. Bxg5 Ne6 7. Bh4 h6 8.
Nc3 g5 9. Bg3 h5 10. Ne4 h4 11. Qd2 hxg3 12. fxg3 c6 13. Nxg5 Rh5 14. N1f3 Bh6
15. O-O-O Nxg5 16. Kb1 Nxf3 17. Qf2 Nxe5 18. Rde1 d6 19. Rxe5+ dxe5 20. Bxf7+
Ke7 21. Bxh5 Na6 22. Rf1 Be6 23. Qf6+ Kd6 24. Qxh6 b5 25. Bf7 Nc7 26. b3 Rf8 27.
Qxf8+ Kd5 28. Bxe6+ Nxe6 29. Qf5 Nd4 30. Qd7+ Kc5 31. c3 Ne2 32. Qxa7+ Kd5 33.
Qa5 e4 34. g4 Kc5 35. Rf5+ Kd6 36. g5 Ke6 37. Rf6+ Ke5 38. c4 Kd4 39. Rxc6 Nc3+
40. Kc2 e3 41. Qd8+ Ke4 42. Kxc3 e2 43. Qd3+ Kf4 44. Qxe2 Kxg5 45. Re6 bxc4 46.
h4+ Kf5 47. Qe4# 1-0

[Event "AUTO-OPEN-4650"]
[Site "http://www.queenalice.com/game.php?id=1872798"]
[Date "2026.5.2"]
[Round "1"]
[White "Carlos19"]
[Black "juim"]
[Result "1-0"]
[WhiteElo "1635"]
[BlackElo "1555"]

1. e4 d5 2. e5 e6 3. d4 Nc6 4. Bb5 Bd7 5. Bxc6 Bxc6 6. Nc3 Bb4 7. Bd2 Ne7 8. a3
Ba5 9. b4 Bb6 10. b5 Bd7 11. Nf3 a6 12. bxa6 Rxa6 13. Bg5 h6 14. Bxe7 Qxe7 15.
h4 Rxa3 16. Rxa3 O-O 17. O-O c5 18. dxc5 Bxc5 19. Ra4 Bxa4 20. Nxa4 Ba7 21. c3
Qa3 22. Nd4 Qe7 23. g3 f6 24. f4 fxe5 25. fxe5 b5 26. Nb2 Qa3 27. Rxf8+ Qxf8 28.
Kg2 Qc8 29. Nxb5 Bb6 30. Nd6 Qxc3 31. Ndc4 Bd4 32. Qd2 Qxd2+ 33. Nxd2 Bxb2 34.
Nf3 Ba3 35. Nd4 Kf7 36. g4 Be7 37. h5 Bc5 38. Nc6 d4 39. Nd8+ Ke8 40. Nxe6 Bb6
41. Nxg7+ Kd7 42. Kf1 Ke7 43. Ke2 Kf7 44. Nf5 Ke6 45. Nxh6 Kxe5 46. Nf5 Kf4 47.
Nh6 Ke4 48. g5 d3+ 49. Kd1 Be3 50. Nf7 Kd5 51. h6 Ke6 52. h7 Bd4 53. h8=Q Bxh8
54. Nxh8 Ke7 55. Kd2 Kf8 56. Kxd3 Kg7 57. Ke4 Kxh8 58. Kf5 Kg7 59. g6 Kf8 60.
Kf6 Kg8 61. g7 Kh7 62. Kf7 Kh6 63. g8=Q Kh5 64. Qg6+ Kh4 65. Kf6 Kh3 66. Qg5 Kh2
67. Kf5 Kh3 68. Qg4+ Kh2 69. Kf4 Kh1 70. Kf3 Kh2 71. Qg2# 1-0

[Event "AUTO-INT-3968"]
[Site "http://www.queenalice.com/game.php?id=1872938"]
[Date "2026.5.5"]
[Round "1"]
[White "juim"]
[Black "renet54"]
[Result "1-0"]
[WhiteElo "1532"]
[BlackElo "1527"]

1. e4 e5 2. d3 Nc6 3. Be3 Nf6 4. Nc3 Bb4 5. Bd2 O-O 6. Nf3 d6 7. Be2 Bg4 8. O-O
Qd7 9. a3 Bc5 10. Na4 Bd4 11. Ng5 Ne7 12. c3 Bb6 13. Bxg4 Nxg4 14. h3 Nf6 15.
Nxb6 axb6 16. Nf3 Rad8 17. Bg5 Ng6 18. Bxf6 gxf6 19. Nh2 Kh8 20. Ng4 f5 21. Nh6
fxe4 22. dxe4 Nf4 23. Re1 Nxh3+ 24. Kf1 Nf4 25. Nf5 Qb5+ 26. Kg1 Rg8 27. g3 Nh3+
28. Kg2 Nxf2 29. Kxf2 Qxb2+ 30. Re2 Qxc3 31. Rc1 Qxa3 32. Rxc7 d5 33. Rxf7 dxe4
34. Rd2 Rxd2+ 35. Qxd2 Qf3+ 36. Kg1 Rxg3+ 37. Kh2 Rh3+ 38. Kg1 h5 39. Qd8# 1-0

[Event "AUTO-INT-3968"]
[Site "http://www.queenalice.com/game.php?id=1872939"]
[Date "2026.5.5"]
[Round "1"]
[White "renet54"]
[Black "juim"]
[Result "0-1"]
[WhiteElo "1511"]
[BlackElo "1548"]

1. d4 d5 2. Bf4 e6 3. Nf3 Nf6 4. e3 Bd6 5. Nc3 Bb4 6. Bd3 Bxc3+ 7. bxc3 Ne4 8.
O-O O-O 9. Ne5 f6 10. f3 fxe5 11. fxe4 exf4 12. exd5 Qxd5 13. exf4 Qa5 14. Rf3
g6 15. Qd2 Qh5 16. Rh3 Qa5 17. Rg3 Nc6 18. Bxg6 Kg7 19. Be4+ Kf7 20. Bxh7 Ke7
21. Qe3 Kd8 22. Rg7 b6 23. Qe4 Qd5 24. Qxd5+ exd5 25. Re1 Rxf4 26. Re6 Bxe6 27.
Bd3 a6 28. g3 Rf6 29. c4 Nxd4 30. Rh7 Bf7 31. Rh8+ Be8 32. cxd5 a5 33. Kg2 a4
34. c3 Kd7 35. Bb5+ Nxb5 36. c4 Na3 37. h4 Nxc4 38. h5 Kd6 39. h6 Kxd5 40. h7
Rh6 0-1

[Event "AUTO-INT-3968"]
[Site "http://www.queenalice.com/game.php?id=1872940"]
[Date "2026.5.5"]
[Round "1"]
[White "juim"]
[Black "Rocio"]
[Result "0-1"]
[WhiteElo "1581"]
[BlackElo "1389"]

1. e4 e5 2. d4 Bb4+ 3. Bd2 exd4 4. Bxb4 Nc6 5. Ba3 Nf6 6. Bd3 d6 7. Nd2 h6 8.
Ngf3 Bg4 9. Be2 a6 10. O-O Nh5 11. h3 Bxh3 12. Re1 Nf4 13. Kh2 Bxg2 14. Bc4 Qf6
15. Bf1 Bxf3 16. Nxf3 Nh5 17. Bh3 Nf4 18. Kg1 Nxh3+ 19. Kf1 O-O-O 20. Ke2 Qf4
21. c3 Rde8 22. Kd3 Nxf2+ 23. Kc2 d3+ 24. Kb3 Nxd1 25. Raxd1 Qxf3 26. Kc4 Na5+
27. Kd4 Nc6+ 28. Kc4 Rxe4+ 29. Rxe4 Qxe4+ 30. Kb3 Na5# 0-1

[Event "AUTO-INT-3968"]
[Site "http://www.queenalice.com/game.php?id=1872941"]
[Date "2026.5.5"]
[Round "1"]
[White "Rocio"]
[Black "juim"]
[Result "0-1"]
[WhiteElo "1400"]
[BlackElo "1522"]

1. e4 d5 2. e5 e6 3. Nf3 Nc6 4. Bb5 Bd7 5. a3 Qe7 6. d4 a6 7. Bxc6 Bxc6 8. Bg5
Qd7 9. Nc3 h6 10. Bf4 O-O-O 11. h3 f6 12. exf6 Nxf6 13. Nd2 Bd6 14. Bxd6 Qxd6
15. Nb3 Ne4 16. Qd3 Qf4 17. f3 Ng3 18. Rg1 e5 19. Ne2 Qg5 20. Nc3 e4 21. fxe4
dxe4 22. Qc4 Qf6 23. O-O-O e3 24. Nc5 Rde8 25. Qb4 Qd6 26. d5 b6 27. Qg4+ Kb8
28. Nxa6+ Ka7 29. Nb4 Bd7 30. Qc4 b5 31. Nxb5+ Bxb5 32. Qxb5 Rb8 33. Qa5+ Kb7
34. Na6 Qxa6 35. Qb4+ Kc8 36. Qg4+ Kb7 37. Qxg3 Rhe8 38. Qxg7 Qb6 39. d6 Ka8 40.
d7 Rg8 41. Qe7 Qxb2# 0-1

[Event "AUTO-OPEN-4652"]
[Site "http://www.queenalice.com/game.php?id=1873452"]
[Date "2026.5.15"]
[Round "1"]
[White "Pin"]
[Black "juim"]
[Result "1-0"]
[WhiteElo "2102"]
[BlackElo "1550"]

1. d4 d5 2. Nf3 e6 3. e3 Bd6 4. Bd3 Nf6 5. O-O Nc6 6. b3 e5 7. dxe5 Nxe5 8. Nxe5
Bxe5 9. c3 Qd6 10. h3 Bd7 11. Qf3 O-O-O 12. Bb2 Bc6 13. Qe2 d4 14. cxd4 Bh2+ 15.
Kh1 Nh5 16. Qxh5 g6 17. Qg4+ Bd7 18. Qf3 Bc6 19. Qg4+ Bd7 20. Qe2 Bxh3 21. gxh3
c6 22. Nc3 Qc7 23. Rac1 Qb8 24. Qg4+ Rd7 25. Nd5 Kd8 26. Nf6 Re7 27. Ba3 Re6 28.
Qh4 Re7 29. Ng4 Bd6 30. Bxd6 Qxd6 31. Ne5 f6 32. Nxg6 hxg6 33. Qxh8+ Kc7 34. Qh4
Kb6 35. Rc5 Kc7 36. Rfc1 g5 37. Qg4 b6 38. Rxc6+ Qxc6+ 39. Rxc6+ Kxc6 40. a4 Kb7
41. Qf3+ Kc7 42. Bb5 Re6 43. Qg3+ Kd8 44. Qb8+ Ke7 45. Qe8+ Kd6 46. Qd7# 1-0

[Event "AUTO-OPEN-4652"]
[Site "http://www.queenalice.com/game.php?id=1873453"]
[Date "2026.5.15"]
[Round "1"]
[White "juim"]
[Black "shmurtz91"]
[Result "0-1"]
[WhiteElo "1559"]
[BlackElo "1870"]

1. e4 c5 2. d4 e6 3. dxc5 Bxc5 4. f3 Nc6 5. Bb5 Qb6 6. Ba4 Bf2+ 7. Kf1 Bxg1 8.
Rxg1 Qa6+ 9. c4 Qxc4+ 10. Kf2 Nf6 11. Nd2 Qc5+ 12. Kg3 Nh5+ 13. Kh3 d5 14. Nb3
e5+ 15. g4 Qf2 16. Bg5 f6 17. Bh4 Nf4# 0-1

[Event "AUTO-OPEN-4652"]
[Site "http://www.queenalice.com/game.php?id=1873454"]
[Date "2026.5.15"]
[Round "1"]
[White "shmurtz91"]
[Black "juim"]
[Result "1-0"]
[WhiteElo "1882"]
[BlackElo "1553"]

1. e4 d5 2. Nf3 dxe4 3. Ng5 Bf5 4. Bc4 e6 5. Nc3 Be7 6. Ngxe4 Nc6 7. d4 Nxd4 8.
Be3 Nc6 9. Qe2 Bb4 10. O-O Ne5 11. Rad1 Bd6 12. Qd2 Nxc4 13. Qd4 Ne5 14. Nb5 f6
15. Nbxd6+ cxd6 16. Nxd6+ Kf8 17. Qc5 Qe7 18. Nxf5 exf5 19. Qd5 b6 20. Qxa8+ Kf7
21. Rfe1 Kg6 22. Rd8 h6 23. Rxg8 Rh7 24. Qe8+ Qxe8 25. Rxe8 Ng4 26. Bd4 h5 27.
R1e6 Nh6 28. Ra8 Nf7 29. Rxa7 Nd8 30. Rxb6 h4 31. Rd7 Nf7 32. a4 Rh5 33. Rbb7
Rh7 34. Rxf7 1-0

[Event "AUTO-INT-3969"]
[Site "http://www.queenalice.com/game.php?id=1873575"]
[Date "2026.5.19"]
[Round "1"]
[White "bdpq"]
[Black "juim"]
[Result "1-0"]
[WhiteElo "1645"]
[BlackElo "1574"]

1. e4 d5 2. exd5 Qxd5 3. d3 e6 4. Nf3 e5 5. Qe2 Bc5 6. Qxe5+ Qxe5+ 7. Nxe5 f6 8.
Nf3 Ne7 9. Bf4 Bd6 10. Bxd6 cxd6 11. Nc3 Nbc6 12. O-O-O O-O 13. Re1 Bg4 14. Be2
Nf5 15. Nd2 Bxe2 16. Rxe2 Ncd4 17. Re4 Rfe8 18. Rhe1 Rxe4 19. Rxe4 d5 20. Nxd5
Rc8 21. Ne7+ Nxe7 22. Rxe7 Rxc2+ 23. Kd1 Rxb2 24. Ne4 Rxa2 25. h4 b5 26. Rd7 Nb3
27. Nd6 Rd2+ 28. Ke1 Rxd3 29. Rd8# 1-0

[Event "AUTO-INT-3969"]
[Site "http://www.queenalice.com/game.php?id=1873576"]
[Date "2026.5.19"]
[Round "1"]
[White "juim"]
[Black "bdpq"]
[Result "0-1"]
[WhiteElo "1533"]
[BlackElo "1636"]

1. e4 d5 2. e5 e6 3. d4 Be7 4. Nf3 f6 5. exf6 Bxf6 6. Bd3 Nh6 7. Bxh6 gxh6 8.
Nc3 Bd7 9. O-O Qe7 10. Ne5 Bxe5 11. dxe5 Nc6 12. Bb5 O-O-O 13. f4 a6 14. Ba4
Rhg8 15. g3 Rg7 16. Qd3 Nb4 17. Qd2 Bxa4 18. b3 Bc6 19. Ne2 Qc5+ 20. Nd4 h5 21.
Rf2 Bd7 22. a3 Nc6 23. Nxc6 Bxc6 24. b4 Qe7 25. c3 Qh4 26. f5 d4 27. cxd4 Rxg3+
28. Kf1 Qh3+ 29. Ke1 Qg4 30. hxg3 Qxg3 31. Kd1 Qg1+ 32. Qe1 Qg4+ 33. Kc2 exf5
34. Rd2 Rxd4 35. Re2 Rc4+ 36. Kb2 Bf3 37. Rd2 Re4 38. Qf1 Rxe5 39. Qd3 Rd5 40.
Qc3 c6 41. Rxd5 Bxd5 42. Re1 Kc7 43. Qc5 Be4 44. Rg1 Qe2+ 45. Kc1 Qb5 46. Rg7+
Kb8 47. Rg8+ Kc7 48. Qe7+ Kb6 49. Qd8+ Ka7 50. Qd4+ c5 51. Qd2 Qc4+ 52. Kb2 Qxg8
53. Qe3 b6 54. Qe2 Qg2 55. Qxg2 Bxg2 56. bxc5 bxc5 57. Kc3 Kb6 0-1

[Event "AUTO-INT-3969"]
[Site "http://www.queenalice.com/game.php?id=1873583"]
[Date "2026.5.19"]
[Round "1"]
[White "game"]
[Black "juim"]
[Result "0-1"]
[WhiteElo "1570"]
[BlackElo "1557"]

1. e4 d5 2. Nc3 d4 3. Nb5 a6 4. Na3 e5 5. Bc4 Bxa3 6. Qf3 f6 7. bxa3 Ne7 8. Qh5+
Ng6 9. d3 Nc6 10. Bh6 gxh6 11. Qxh6 Kd7 12. Qh3+ Kd6 13. g4 Nf4 14. Qg3 h5 15.
gxh5 Rxh5 16. Bf7 Rg5 17. Qh4 Ng2+ 0-1

[Event "AUTO-INT-3969"]
[Site "http://www.queenalice.com/game.php?id=1873584"]
[Date "2026.5.19"]
[Round "1"]
[White "juim"]
[Black "game"]
[Result "1-0"]
[WhiteElo "1535"]
[BlackElo "1588"]

1. e4 d6 2. d4 e5 3. dxe5 Nc6 4. exd6 Qxd6 5. Nc3 Nb4 6. Bd2 Nf6 7. Bg5 Qe5 8.
Bxf6 gxf6 9. a3 Nc6 10. Qf3 Nd4 11. Qd1 f5 12. Bd3 Qg7 13. Nf3 Qxg2 14. Kd2
Qxf2+ 15. Kc1 Bh6+ 16. Kb1 Nxf3 17. Ka2 Be6+ 18. b3 Bd2 19. Rf1 Qd4 20. Rxf3
Bxc3 21. Rb1 fxe4 22. Rf4 f5 23. Qh5+ Ke7 24. Qg5+ Kd7 25. Bb5+ c6 26. Rff1 cxb5
27. Qh6 a5 28. Rfd1 Bd2 29. Rxd2 Bxb3+ 30. Rxb3 Qxd2 31. Qxd2+ Ke6 32. Rxb5 Rad8
33. Qxa5 Kf6 34. Rxf5+ Kg6 35. Re5 Rhe8 36. Rg5+ Kf6 37. Qf5+ Ke7 38. Qxe4+ Kd7
39. Qxb7+ Ke6 40. Qxh7 Re7 41. Qe4+ Kd7 42. Rd5+ Ke8 43. Rxd8+ Kxd8 44. Qa8+ Kd7
45. c4 Re2+ 46. Kb3 Kd6 47. Kb4 Rb2+ 48. Ka4 Kc5 49. Qd5+ Kb6 50. c5+ Ka6 51. c6
Kb6 52. Qd4+ Kxc6 53. Qxb2 Kd7 54. Qf6 Kc7 55. Ka5 Kb7 56. Qd6 Ka7 57. Kb5 Kb7
58. Qd7+ Ka8 59. Kb6 1-0